| 000 | 00323nam a2200097Ia 4500 | ||
|---|---|---|---|
| 082 | _aST|006.78|DEBE | ||
| 245 | 0 | _aFET first multimedia basic. NQF level 2 L Lecturer's guide | |
| 100 |
_a De Beer , E M Northworld [Gauteng; South Africa], 2012 _965565 |
||
| 942 | _cBK | ||
| 008 | 210817s9999 xx 000 0 und d | ||
| 999 |
_c209547 _d209546 |
||